Del delito y de la pena

Gorde:
Xehetasun bibliografikoak
Egile nagusia: Beccaria, Cesare (Egilea)
Formatua: Liburua
Hizkuntza:gaztelania
Argitaratua: Barcelona Sopena 1900
Gaiak:
Etiketak: Etiketa erantsi
Etiketarik gabe, Izan zaitez lehena erregistro honi etiketa jartzen!

MARC

LEADER 00000nam a2200000 a 4500
001 UCS0246
003 CL-VaPUC
008 970418e19000000SP |||||||||||||||||spa|d
082 0 4 |a 364.01  |b BEC  |2 21 
100 0 |a Beccaria, Cesare  |e author  |9 383481 
245 1 0 |a Del delito y de la pena 
300 |a 154 p 
942 |c BK 
945 |d 19970418 00:00:00  |a paguirre 
260 |a Barcelona  |b Sopena  |c 1900 
650 0 |a Delitos  |9 224143 
650 0 |a Teoría del delito  |9 258906 
650 0 |a Penas   |9 255927 
650 0 |a Pena de muerte  |9 256612 
650 0 |a Indulto  |9 254959 
650 0 |a Hurto  |9 368483 
650 7 |a DUELO  |2 CL-VaPUC  |9 383482 
650 7 |a SUICIDIO  |2 CL-VaPUC  |9 317374 
583 |a last modification  |c 19970418 00:00:00  |k Rodrigo Vera 
999 |c 258485  |d 258483 
952 |0 0  |1 0  |4 0  |6 364_010000000000000_BEC_1900  |7 0  |8 X  |9 282630  |a BIBDER  |b BIBDER  |d 2019-11-19  |i 1832662  |o 364.01 BEC 1900  |p 1832662  |r 2023-01-25  |w 2019-11-19  |y BK_X  |k DER